| 000 | 00911nam a22002177a 4500 | ||
|---|---|---|---|
| 005 | 20250807160115.0 | ||
| 008 | 240702b eng |||| |||| 00| 0 eng d | ||
| 020 | _a984-513-016-3 | ||
| 040 |
_aBD-DhUUL _cBD-DhUUL _dBD-DhUUL |
||
| 082 |
_223 _a332.1095492 _bJ251p 2003 |
||
| 100 |
_aJahangir, Nadim _912003 |
||
| 242 |
_aPerceptions of power: _ba cognitive perspective of nationalized commercial banks of Bangladesh _cNadim Jahangir |
||
| 245 |
_aPerceptions of power: _ba cognitive perspective of nationalized commercial banks of Bangladesh _cNadim Jahangir |
||
| 246 | _aPerceptions of power: a cognitive perspective of nationalized commercial banks of Bangladesh | ||
| 260 |
_aDhaka: _bCentre for social studies, _c2003 |
||
| 300 |
_a240 p. _b21 cm. |
||
| 650 | _2Banks and banking -- Bangladesh. | ||
| 650 |
_aOrganizational behavior _zBangladesh _921870 |
||
| 650 |
_aCognition _921871 |
||
| 942 |
_2ddc _cBK |
||
| 999 |
_c7693 _d7693 |
||